[Event "12th 4NCL Congress"]
[Site "Harrogate"]
[Date "2017.01.08"]
[Round "5"]
[Board "1"]
[White "Wagg, Joel"]
[Black "Ackley, Peter Je"]
[Result "1/2-1/2"]
[WhiteElo "1915"]
[BlackElo "1980"]
[PlyCount "25"]
[EventDate "2017.01.06"]
[EventRounds "5"]
[EventCountry "ENG"]

1. e4 g6 2. d4 Bg7 3. c3 d5 4. Nd2 dxe4 5. Nxe4 Nd7 6. Nf3 Ngf6 7. Nxf6+ Nxf6
8. Be2 O-O 9. O-O c6 10. h3 Qc7 11. Bg5 Be6 12. Qc1 Rfe8 13. Bh6 1/2-1/2

[Event "12th 4NCL Congress"]
[Site "Harrogate"]
[Date "2017.01.08"]
[Round "5"]
[Board "2"]
[White "David, Ivan"]
[Black "Press, Harry"]
[Result "1/2-1/2"]
[WhiteElo "1869"]
[BlackElo "1826"]
[PlyCount "70"]
[EventDate "2017.01.06"]
[EventRounds "5"]
[EventCountry "ENG"]

1. d4 Nf6 2. Bf4 e6 3. e3 b6 4. Nf3 Bb7 5. c3 d6 6. Nbd2 Be7 7. h3 O-O 8. Bh2
Nbd7 9. Be2 c5 10. O-O Rc8 11. a4 a6 12. Nc4 Ne4 13. Nfd2 Nxd2 14. Qxd2 d5 15.
Nd6 Bxd6 16. Bxd6 Re8 17. Bh2 Qg5 18. Rfd1 e5 19. Bf1 Qg6 20. a5 b5 21. b4 cxb4
22. cxb4 Rc2 23. Qd3 Qc6 24. dxe5 Nxe5 25. Qd4 f6 26. Rd2 Rxd2 27. Qxd2 d4 28.
Bxe5 Rxe5 29. exd4 Rg5 30. f4 Rg3 31. Kh2 Qc3 32. Qd1 Qe3 33. Qe1 Qxe1 34. Rxe1
Rb3 35. Re7 Bd5 1/2-1/2

[Event "12th 4NCL Congress"]
[Site "Harrogate"]
[Date "2017.01.08"]
[Round "5"]
[Board "3"]
[White "Holroyd, Nigel P"]
[Black "Nezis, Anastasios"]
[Result "1-0"]
[WhiteElo "1975"]
[BlackElo "1904"]
[PlyCount "99"]
[EventDate "2017.01.06"]
[EventRounds "5"]
[EventCountry "ENG"]

1. d4 d6 2. Nf3 Bg4 3. Nbd2 Nf6 4. h3 Bh5 5. c4 c6 6. e3 e6 7. Be2 Be7 8. O-O
O-O 9. b3 d5 10. Ne5 Bxe2 11. Qxe2 Nbd7 12. Bb2 Nxe5 13. dxe5 Nd7 14. cxd5 cxd5
15. e4 Nb6 16. Rfd1 Qe8 17. Rac1 Rc8 18. Bd4 dxe4 19. Nxe4 Nd5 20. Qg4 Rxc1 21.
Rxc1 Kh8 22. Nc3 Ba3 23. Rc2 Ne7 24. Nb1 Bb4 25. a3 Ba5 26. Qe4 Nc6 27. Bc5 Rg8
28. Bd6 Bb6 29. b4 Nd4 30. Rc1 Nf5 31. Qxb7 Qa8 32. Qxa8 Rxa8 33. Nd2 f6 34.
Ne4 fxe5 35. Bxe5 h6 36. Nd6 Kg8 37. Rc8+ Rxc8 38. Nxc8 Kf7 39. Nxb6 axb6 40.
a4 Ke7 41. Bc7 b5 42. axb5 Kd7 43. b6 Kc6 44. g4 Ne7 45. Kg2 Nd5 46. Kf3 Nxb4
47. Ke4 Kd7 48. Be5 g6 49. b7 Na6 50. b8=Q 1-0

[Event "12th 4NCL Congress"]
[Site "Harrogate"]
[Date "2017.01.08"]
[Round "5"]
[Board "4"]
[White "Whitehead, Mark A"]
[Black "Livesey, R  Nigel"]
[Result "1-0"]
[WhiteElo "1935"]
[BlackElo "1829"]
[PlyCount "71"]
[EventDate "2017.01.06"]
[EventRounds "5"]
[EventCountry "ENG"]

1. e4 c6 2. d3 d5 3. Nd2 dxe4 4. Nxe4 Nf6 5. Nxf6+ gxf6 6. Be3 Qa5+ 7. Qd2
Qxd2+ 8. Kxd2 e5 9. Ne2 Be6 10. g3 Na6 11. Bg2 Nc7 12. Nc3 Nd5 13. Ne4 Nxe3 14.
fxe3 f5 15. Ng5 Be7 16. Nxe6 fxe6 17. Rhf1 h5 18. Bh3 h4 19. g4 f4 20. exf4
exf4 21. Rae1 Bg5 22. Rxe6+ Kf7 23. Re5 Rhg8 24. Rfe1 Rad8 25. Rf5+ Kg6 26.
Ree5 Kh6 27. Re6+ Rg6 28. Re4 Rgd6 29. Ke2 Kg6 30. Bg2 Kh6 31. Ree5 Rg6 32. Be4
Rd7 33. Rf8 Rgd6 34. Rh8+ Kg7 35. Rh7+ Kf6 36. Rf5+ 1-0

[Event "12th 4NCL Congress"]
[Site "Harrogate"]
[Date "2017.01.08"]
[Round "5"]
[Board "5"]
[White "Jones, Neil T"]
[Black "Ter-Gevorkian, Aram"]
[Result "1/2-1/2"]
[WhiteElo "1788"]
[BlackElo "1927"]
[PlyCount "191"]
[EventDate "2017.01.06"]
[EventRounds "5"]
[EventCountry "ENG"]

1. e4 Nf6 2. e5 Nd5 3. d4 d6 4. c4 Nb6 5. exd6 cxd6 6. Nc3 g6 7. Bd3 Bg7 8.
Nge2 O-O 9. O-O Nc6 10. c5 dxc5 11. dxc5 Nd7 12. Be3 Nf6 13. h3 Nb4 14. Bc4 e5
15. Qa4 Nc6 16. Rad1 Qa5 17. Qxa5 Nxa5 18. Bb5 Be6 19. b4 Nc6 20. a3 a5 21.
Bxc6 bxc6 22. Rd6 axb4 23. axb4 Rfb8 24. Rxc6 Rxb4 25. Rb6 Rb8 26. Rd1 h6 27.
Rdd6 Kh7 28. Rxb8 Rxb8 29. Rb6 Rc8 30. Ng3 Nd5 31. Nxd5 Bxd5 32. f3 Bf8 33. Rb5
Bc6 34. Rb6 Kg7 35. Rb4 Bd5 36. Rb5 Bc4 37. Ra5 f5 38. Bf2 Rc6 39. Nf1 Bxf1 40.
Kxf1 Kf6 41. Rb5 Ke6 42. Rb6 Kd5 43. Ke2 Bxc5 44. Rxc6 Kxc6 45. Be1 Kd5 46. Kd3
e4+ 47. Ke2 g5 48. Ba5 Bf8 49. Bc7 Bd6 50. Bb6 Ke5 51. g3 Kd5 52. Bf2 Bc5 53.
Be1 h5 54. Bd2 Be7 55. Be3 g4 56. hxg4 hxg4 57. fxg4 fxg4 58. Bf2 Bc5 59. Be1
Kc4 60. Bd2 Bd6 61. Be1 Kd4 62. Bf2+ Kd5 63. Be1 Bc5 64. Bd2 Bg1 65. Bf4 Kd4
66. Bd6 Kd5 67. Bc7 Bd4 68. Ba5 Kc6 69. Bd2 Bb6 70. Be1 Kb5 71. Bd2 Bd4 72. Be1
Kc4 73. Ba5 Bf6 74. Bd2 Be5 75. Be1 Kd5 76. Bf2 Bd4 77. Be1 Bg1 78. Bd2 Kd4 79.
Ba5 Kc4 80. Bc7 Kc3 81. Ba5+ Kc2 82. Bc7 Kb3 83. Ba5 Ka4 84. Bc7 Kb5 85. Bd6
Bc5 86. Bf4 Kc4 87. Bc7 Kb5 88. Bf4 Kc4 89. Bc7 Kd5 90. Ba5 Kc4 91. Bc7 e3 92.
Bf4 Kd5 93. Bxe3 Bd6 94. Kf2 Ke4 95. Bc1 Be5 96. Bd2 1/2-1/2

[Event "12th 4NCL Congress"]
[Site "Harrogate"]
[Date "2017.01.08"]
[Round "5"]
[Board "8"]
[White "Cowan, Richard M"]
[Black "Robson, Paul E"]
[Result "0-1"]
[WhiteElo "1890"]
[BlackElo "1897"]
[PlyCount "74"]
[EventDate "2017.01.06"]
[EventRounds "5"]
[EventCountry "ENG"]

1. e4 c5 2. Nc3 g6 3. d3 Bg7 4. g3 Nc6 5. Bg2 e6 6. Be3 Nge7 7. Qd2 d6 8. Bh6
O-O 9. h4 f6 10. O-O-O Rb8 11. Bxg7 Kxg7 12. f4 b5 13. h5 Qa5 14. hxg6 hxg6 15.
f5 exf5 16. Qh6+ Kf7 17. Qh7+ Ke8 18. exf5 Bxf5 19. Bxc6+ Nxc6 20. Re1+ Ne5 21.
Qg7 Rf7 22. Qg8+ Rf8 23. Qd5 Qc7 24. Nf3 Rb6 25. Nh4 b4 26. Nxf5 bxc3 27. Ng7+
Kd7 28. bxc3 Qb7 29. Qe6+ Kd8 30. Rxe5 dxe5 31. Rh2 Rxe6 32. Nxe6+ Ke8 33. Nxc5
Qf3 34. Ne4 f5 35. Nd6+ Ke7 36. Nc4 Qxg3 37. Rd2 Kf6 0-1

[Event "12th 4NCL Congress"]
[Site "Harrogate"]
[Date "2017.01.08"]
[Round "5"]
[Board "9"]
[White "Burns, Martin J"]
[Black "Dennison, Warren B"]
[Result "0-1"]
[WhiteElo "1847"]
[BlackElo "1937"]
[PlyCount "68"]
[EventDate "2017.01.06"]
[EventRounds "5"]
[EventCountry "ENG"]

1. e4 c5 2. Nf3 d6 3. d4 cxd4 4. Nxd4 Nf6 5. Nc3 a6 6. Be3 Qc7 7. f3 b5 8. Qd2
Nbd7 9. g4 Nb6 10. O-O-O e6 11. Qf2 Nfd7 12. h4 b4 13. Nce2 Nc4 14. Kb1 Bb7 15.
Bc1 Rc8 16. Ng3 Ndb6 17. Bxc4 Nxc4 18. Rhe1 Be7 19. g5 Qc5 20. Qe2 a5 21. f4 a4
22. f5 e5 23. f6 exd4 24. fxe7 g6 25. Qd3 Ne5 26. Qd2 b3 27. cxb3 axb3 28. a3
d3 29. Qe3 Qc2+ 30. Ka1 Nc4 31. Qd4 Nxa3 32. Qxh8+ Kxe7 33. Qf6+ Ke8 34. e5
Qb1# 0-1

[Event "12th 4NCL Congress"]
[Site "Harrogate"]
[Date "2017.01.08"]
[Round "5"]
[Board "10"]
[White "Goodfellow, Russell R"]
[Black "Nandi, Robin J"]
[Result "1-0"]
[WhiteElo "1905"]
[BlackElo "1839"]
[PlyCount "83"]
[EventDate "2017.01.06"]
[EventRounds "5"]
[EventCountry "ENG"]

1. e4 e6 2. d4 d5 3. Nd2 Nf6 4. e5 Nfd7 5. f4 c5 6. c3 Nc6 7. Ndf3 Be7 8. Be2
O-O 9. g3 a6 10. Kf1 b5 11. Bd3 f5 12. Nh3 cxd4 13. cxd4 Nb6 14. Rg1 Bd7 15. g4
fxg4 16. Rxg4 h6 17. Kg1 Be8 18. Bb1 Bh5 19. Qd3 Rf5 20. Rg3 Rc8 21. Qe3 Qf8
22. a3 Bxf3 23. Rxf3 Nxd4 24. Rf2 Bh4 25. Rf1 Qc5 26. Bxf5 Nxf5 27. Qxc5 Rxc5
28. Bd2 Rc2 29. Bc1 Nc4 30. b3 Na5 31. Rb1 d4 32. Rf3 Be1 33. Rd3 Rc3 34. Rxc3
Bxc3 35. Nf2 Kf7 36. Kf1 Nc6 37. Ke2 Nce7 38. b4 Nd5 39. Kd3 Ke7 40. Ne4 Nfe3
41. Bxe3 Nxe3 42. Nxc3 1-0

[Event "12th 4NCL Congress"]
[Site "Harrogate"]
[Date "2017.01.08"]
[Round "5"]
[Board "11"]
[White "Desmedt, Richard E"]
[Black "Muflehi, Khaled"]
[Result "1/2-1/2"]
[WhiteElo "1839"]
[BlackElo "1885"]
[PlyCount "43"]
[EventDate "2017.01.06"]
[EventRounds "5"]
[EventCountry "ENG"]

1. e4 c5 2. d4 cxd4 3. c3 dxc3 4. Nxc3 d6 5. Nf3 a6 6. Bc4 e6 7. O-O Qc7 8. Qe2
b5 9. Bb3 Ne7 10. Be3 Ng6 11. Rac1 Nc6 12. Nd5 Qb7 13. Nb6 Rb8 14. a4 Na5 15.
Bd1 Nc4 16. Nxc4 bxc4 17. Qxc4 Be7 18. Qc6+ Bd7 19. Qxb7 Rxb7 20. b3 O-O 21.
Rc3 Rc8 22. Rxc8+ 1/2-1/2

[Event "12th 4NCL Congress"]
[Site "Harrogate"]
[Date "2017.01.08"]
[Round "5"]
[Board "12"]
[White "Dean, Robert A"]
[Black "Burrows, Nick"]
[Result "0-1"]
[WhiteElo "1838"]
[BlackElo "1871"]
[PlyCount "40"]
[EventDate "2017.01.06"]
[EventRounds "5"]
[EventCountry "ENG"]

1. e4 d5 2. exd5 Nf6 3. d4 Bg4 4. Be2 Bxe2 5. Nxe2 Qxd5 6. O-O Nc6 7. Nbc3 Qh5
8. b3 O-O-O 9. Bb2 e5 10. d5 Nb4 11. Qd2 Nbxd5 12. Rad1 Bb4 13. Qc1 Nxc3 14.
Nxc3 Ng4 15. h3 Nxf2 16. Kxf2 e4 17. Rxd8+ Rxd8 18. Rd1 Bc5+ 19. Kg3 Qe5+ 20.
Qf4 Bf2+ 0-1

[Event "12th 4NCL Congress"]
[Site "Harrogate"]
[Date "2017.01.08"]
[Round "5"]
[Board "14"]
[White "Potter, Steven"]
[Black "Whale, Michael"]
[Result "1/2-1/2"]
[WhiteElo "1900"]
[BlackElo "1808"]
[PlyCount "103"]
[EventDate "2017.01.06"]
[EventRounds "5"]
[EventCountry "ENG"]

1. d4 d5 2. Bg5 h6 3. Bh4 Nf6 4. Bxf6 exf6 5. e3 Be6 6. Bd3 Nc6 7. c3 Bd6 8.
Nd2 O-O 9. Ngf3 Re8 10. O-O Bg4 11. Qc2 Ne7 12. e4 c6 13. e5 fxe5 14. Nxe5 Bxe5
15. dxe5 Qd7 16. Rae1 Bf5 17. f4 Rad8 18. Nf3 c5 19. Bxf5 Qxf5 20. Qxf5 Nxf5
21. g4 Ne7 22. f5 d4 23. e6 Nc6 24. exf7+ Kxf7 25. cxd4 Rxe1 26. Rxe1 Nxd4 27.
Ne5+ Kf6 28. Kf2 Rd5 29. Nd3 Nxf5 30. Nf4 Rd2+ 31. Kf3 Nd4+ 32. Kg3 Rxb2 33.
Re8 Kf7 34. Rc8 Ne6 35. Nxe6 Kxe6 36. Rxc5 Rd2 37. Rc7 Rd7 38. Rc2 g5 39. h4
Rd3+ 40. Kh2 Rd7 41. hxg5 hxg5 42. Kg3 Rf7 43. Rc5 Kf6 44. a4 b6 45. Rf5+ Kg6
46. Rd5 Rc7 47. a5 Rc3+ 48. Kf2 Rc6 49. Kf3 bxa5 50. Rxa5 a6 51. Kf2 Rb6 52.
Kf3 1/2-1/2

[Event "12th 4NCL Congress"]
[Site "Harrogate"]
[Date "2017.01.08"]
[Round "5"]
[Board "15"]
[White "May, Paul"]
[Black "Jones, Rupert W"]
[Result "1/2-1/2"]
[WhiteElo "1795"]
[BlackElo "1842"]
[PlyCount "45"]
[EventDate "2017.01.06"]
[EventRounds "5"]
[EventCountry "ENG"]

1. d4 Nf6 2. c4 e6 3. Nc3 Bb4 4. f3 O-O 5. a3 Be7 6. e4 d6 7. Be3 e5 8. Bd3
exd4 9. Bxd4 Nc6 10. Nge2 Ne5 11. Bxe5 dxe5 12. Qc2 Be6 13. O-O c6 14. b4 a5
15. c5 b6 16. Na4 b5 17. Nac3 Ra7 18. Rfd1 Qc7 19. Ng3 Rb8 20. Kh1 Bf8 21. Qe2
Rab7 22. Qe3 Ra8 23. Qg5 1/2-1/2

[Event "12th 4NCL Congress"]
[Site "Harrogate"]
[Date "2017.01.08"]
[Round "5"]
[Board "16"]
[White "CORCORAN, Gary"]
[Black "Dunkley, Michael"]
[Result "0-1"]
[WhiteElo "1836"]
[BlackElo "1798"]
[PlyCount "35"]
[EventDate "2017.01.06"]
[EventRounds "5"]
[EventCountry "ENG"]

1. e4 e6 2. d4 d5 3. exd5 exd5 4. c4 Nf6 5. Nc3 Bb4 6. Bd3 O-O 7. Nge2 Re8 8.
O-O Nc6 9. Bg5 dxc4 10. Bxc4 h6 11. Bf4 Bd6 12. Qd3 Bxf4 13. Nxf4 Qxd4 14.
Bxf7+ Kxf7 15. Qg6+ Kf8 16. Nce2 Qe5 17. Qg3 Bf5 18. Nc3 0-1

[Event "12th 4NCL Congress"]
[Site "Harrogate"]
[Date "2017.01.08"]
[Round "5"]
[Board "17"]
[White "Clarke, Paul Rh"]
[Black "Bowman, Richard L"]
[Result "1-0"]
[WhiteElo "1729"]
[BlackElo "1817"]
[PlyCount "57"]
[EventDate "2017.01.06"]
[EventRounds "5"]
[EventCountry "ENG"]

1. d4 d6 2. Nf3 c6 3. Bf4 Nf6 4. h3 g6 5. e3 Bg7 6. Be2 Qa5+ 7. c3 Nbd7 8. Nbd2
b5 9. b4 Qc7 10. a4 e5 11. dxe5 dxe5 12. Bh2 Nd5 13. Qb3 bxa4 14. Rxa4 N7b6 15.
Ra3 Qe7 16. O-O e4 17. Nd4 Qg5 18. Nxe4 Qe7 19. Nd6+ Kf8 20. Nxc8 Rxc8 21. Rfa1
Ra8 22. Nxc6 Qg5 23. Rxa7 Rxa7 24. Rxa7 Bxc3 25. e4 Qc1+ 26. Bf1 Nc8 27. Rd7
Nde7 28. Nxe7 Nxe7 29. Rc7 1-0

[Event "12th 4NCL Congress"]
[Site "Harrogate"]
[Date "2017.01.08"]
[Round "5"]
[Board "18"]
[White "Brooke, John"]
[Black "Stone, Ian C"]
[Result "0-1"]
[WhiteElo "1655"]
[BlackElo "1840"]
[PlyCount "124"]
[EventDate "2017.01.06"]
[EventRounds "5"]
[EventCountry "ENG"]

1. d4 d5 2. c4 Nc6 3. e3 Nf6 4. Nc3 e6 5. a3 Be7 6. Nf3 O-O 7. Qc2 Re8 8. Bd3
dxc4 9. Bxc4 Bf8 10. O-O h6 11. b4 Ne7 12. Bb2 Ned5 13. Nxd5 exd5 14. Bd3 c6
15. Ne5 Qc7 16. Rac1 Ng4 17. b5 Nxe5 18. dxe5 c5 19. f4 c4 20. a4 Bc5 21. Bh7+
Kh8 22. Bd4 Bxd4 23. exd4 g6 24. Bxg6 fxg6 25. Qxg6 Rg8 26. Qxh6+ Qh7 27. Qf6+
Rg7 28. f5 Bd7 29. e6 Be8 30. Rc3 Kg8 31. Kh1 Qh5 32. e7 Bf7 33. Rh3 Qe2 34.
Rg1 Bh5 35. Rg3 Rxg3 36. hxg3 Qg4 37. Re1 Qxg3 38. Qe6+ Bf7 39. Qe5 Qxe5 40.
Rxe5 Kg7 41. g4 c3 42. g5 c2 43. Re1 Rc8 44. Rc1 Bh5 45. Kg2 Kf7 46. f6 Bg6 47.
Kf3 Be4+ 48. Kf4 Ke6 49. Kg4 Rh8 50. Kg3 Kf7 51. Kf4 Ke6 52. Re1 Kd7 53. Rc1
Rh1 54. Rxc2 Bxc2 55. Ke5 Be4 56. e8=Q+ Kxe8 57. Ke6 Bg6 58. Kxd5 Rg1 59. Kd6
Rxg5 60. Kc7 Be4 61. Kb8 a6 62. bxa6 bxa6 0-1

[Event "12th 4NCL Congress"]
[Site "Harrogate"]
[Date "2017.01.08"]
[Round "5"]
[Board "19"]
[White "Allison, Paul A"]
[Black "Bin-Suhayl, Yousuf"]
[Result "0-1"]
[WhiteElo "1601"]
[BlackElo "1788"]
[PlyCount "48"]
[EventDate "2017.01.06"]
[EventRounds "5"]
[EventCountry "ENG"]

1. e4 e6 2. d4 d5 3. Nc3 Nf6 4. e5 Nfd7 5. f4 c5 6. Nf3 Nc6 7. Be3 cxd4 8. Nxd4
Bc5 9. Ncb5 O-O 10. Nxc6 bxc6 11. Bxc5 Nxc5 12. Nd6 Qb6 13. Rb1 Nb7 14. Nxc8
Raxc8 15. Qf3 Qa5+ 16. c3 Qxa2 17. Bd3 Nc5 18. Bc2 Rb8 19. O-O Rxb2 20. Rxb2
Qxb2 21. Qf2 Qxc3 22. f5 exf5 23. Qxf5 Ne4 24. Bxe4 Qe3+ 0-1

[Event "12th 4NCL Congress"]
[Site "Harrogate"]
[Date "2017.01.08"]
[Round "5"]
[Board "20"]
[White "Davies, Sam"]
[Black "Salisbury, Paul"]
[Result "1-0"]
[WhiteElo "1757"]
[BlackElo "1708"]
[PlyCount "67"]
[EventDate "2017.01.06"]
[EventRounds "5"]
[EventCountry "ENG"]

1. d4 d5 2. Nf3 Bg4 3. Bf4 Nc6 4. e3 e6 5. Nbd2 Bd6 6. Bg3 Nf6 7. Be2 Bxg3 8.
hxg3 Qe7 9. c3 a6 10. O-O h5 11. b4 Ne4 12. Qc2 h4 13. Nxe4 dxe4 14. Qxe4 f5
15. Qc2 Bxf3 16. Bxf3 hxg3 17. fxg3 Qg5 18. Kf2 Ke7 19. Bxc6 bxc6 20. Qa4 Kd6
21. Qa5 Qg4 22. Qe5+ Kd7 23. Rh1 Qg6 24. a4 Rh6 25. Qa5 f4 26. gxf4 Qc2+ 27.
Kf3 Qxc3 28. Qc5 Qd3 29. Rxh6 gxh6 30. Rc1 Rg8 31. Qxc6+ Ke7 32. Qxc7+ Kf6 33.
Qe5+ Kf7 34. Rc7+ 1-0

[Event "12th 4NCL Congress"]
[Site "Harrogate"]
[Date "2017.01.08"]
[Round "5"]
[Board "21"]
[White "MATTHEWS, Graham W"]
[Black "Robinson, Brian"]
[Result "1/2-1/2"]
[WhiteElo "1637"]
[BlackElo "1565"]
[PlyCount "33"]
[EventDate "2017.01.06"]
[EventRounds "5"]
[EventCountry "ENG"]

1. d4 d5 2. Nf3 Nf6 3. g3 c5 4. c3 Nc6 5. Bg5 Qb6 6. Qb3 cxd4 7. Qxb6 axb6 8.
Nbd2 Bf5 9. Bg2 e6 10. Bxf6 gxf6 11. Nh4 Bg6 12. Nxg6 fxg6 13. O-O Bh6 14. e3
Kf7 15. f4 f5 16. Nf3 b5 17. a3 1/2-1/2

[Event "12th 4NCL Congress"]
[Site "Harrogate"]
[Date "2017.01.08"]
[Round "5"]
[Board "22"]
[White "Patterson, Dave"]
[Black "Holi, Siefaldin A"]
[Result "0-1"]
[WhiteElo "1585"]
[BlackElo "1733"]
[PlyCount "112"]
[EventDate "2017.01.06"]
[EventRounds "5"]
[EventCountry "ENG"]

1. e4 c6 2. d4 d5 3. e5 Bf5 4. g4 Bd7 5. Nd2 Qb6 6. c3 e6 7. f4 c5 8. Ngf3 Nc6
9. Nb3 c4 10. Nbd2 Qd8 11. h4 Nge7 12. Bg2 Qc7 13. Nf1 h5 14. Bh3 hxg4 15. Bxg4
f5 16. Bh3 O-O-O 17. Ng5 Re8 18. Nf7 Rg8 19. Nd6+ Kb8 20. Nxe8 Bxe8 21. Be3 Rh8
22. Bg2 Qb6 23. Rb1 Qa5 24. Ra1 Ng8 25. Bd2 Nh6 26. Ne3 Be7 27. Bf3 Qd8 28. Ng2
a5 29. b3 b5 30. bxc4 dxc4 31. Rb1 b4 32. Qe2 Nxd4 33. cxd4 Qxd4 34. Qe3 Qd8
35. a3 Ng4 36. Bxg4 fxg4 37. axb4 a4 38. Bc3 Qd5 39. Kf2 Bc6 40. Rhg1 Bxh4+ 41.
Ke2 Bd8 42. Qd4 Qf3+ 43. Kd2 Bc7 44. Rbf1 Qg3 45. Qe3 Qh3 46. Rf2 Rd8+ 47. Bd4
Bb6 48. Qxh3 gxh3 49. Ne3 Bxd4 50. Rg3 c3+ 51. Kc1 Rh8 52. Rh2 a3 53. Nc4 a2
54. Rxa2 h2 55. Rxh2 Rxh2 56. Na5 Ba4 0-1

[Event "12th 4NCL Congress"]
[Site "Harrogate"]
[Date "2017.01.08"]
[Round "4"]
[Board "1"]
[White "Ackley, Peter Je"]
[Black "Holroyd, Nigel P"]
[Result "1/2-1/2"]
[WhiteElo "1980"]
[BlackElo "1975"]
[PlyCount "83"]
[EventDate "2017.01.06"]
[EventRounds "5"]
[EventCountry "ENG"]

1. g3 d5 2. Bg2 g6 3. Nf3 Bg7 4. O-O Nd7 5. d4 c6 6. Nbd2 e5 7. dxe5 Nxe5 8.
Nxe5 Bxe5 9. c3 Bg7 10. e4 d4 11. cxd4 Qxd4 12. Qc2 Nf6 13. Nf3 Qb6 14. Be3 Qa5
15. Bc5 Nd7 16. Bd6 Bf8 17. Bf4 Bg7 18. Bd6 Bf8 19. Bf4 Qc5 20. Rac1 Qxc2 21.
Rxc2 Be7 22. Rd1 O-O 23. Rcd2 Nc5 24. Nd4 Ne6 25. Be3 Nxd4 26. Bxd4 Bg4 27. f3
Be6 28. a3 Bb3 29. Rc1 Rfd8 30. Be3 Bf6 31. Rf2 Rd3 32. Re1 b6 33. f4 Bd4 34.
Bxd4 Rxd4 35. e5 Bd5 36. Bxd5 Rxd5 37. Rc1 c5 38. Kf1 Rad8 39. Rcc2 Rd4 40. Ke1
Rd1+ 41. Ke2 R1d4 42. Ke1 1/2-1/2

[Event "12th 4NCL Congress"]
[Site "Harrogate"]
[Date "2017.01.08"]
[Round "4"]
[Board "2"]
[White "Wagg, Joel"]
[Black "CAWSTON, M John"]
[Result "1-0"]
[WhiteElo "1915"]
[BlackElo "1820"]
[PlyCount "107"]
[EventDate "2017.01.06"]
[EventRounds "5"]
[EventCountry "ENG"]

1. e4 c5 2. Nf3 e6 3. c3 d5 4. exd5 Qxd5 5. d4 cxd4 6. Qxd4 Qxd4 7. Nxd4 a6 8.
g3 e5 9. Nc2 Nc6 10. Bg2 Nf6 11. Ne3 Be6 12. Nd2 Bd6 13. O-O O-O 14. Re1 Bc7
15. Nec4 e4 16. Ne3 Rfe8 17. Nxe4 Nxe4 18. Bxe4 f5 19. Nd5 Bd6 20. Bg2 Rad8 21.
Bg5 Rb8 22. Bf4 Bxf4 23. Nxf4 Bc4 24. b3 Bf7 25. h4 Rxe1+ 26. Rxe1 Rd8 27. Bf3
Rd2 28. Rd1 Rxd1+ 29. Bxd1 Kf8 30. Bf3 Ke7 31. Kf1 Kd6 32. Ke2 b5 33. Nd3 Be6
34. Ke3 a5 35. Bxc6 Kxc6 36. Kd4 Kd6 37. Nc5 Bc8 38. c4 bxc4 39. bxc4 g6 40. a3
Kc6 41. f4 Kb6 42. Kd5 Kc7 43. Ne6+ Kb6 44. Nf8 Bb7+ 45. Kd4 Bc6 46. Nxh7 Be8
47. Nf6 Bf7 48. Nd7+ Kc7 49. Ne5 Be8 50. Kc5 Kb7 51. Kd6 Kb6 52. Ke7 Ba4 53.
Nxg6 Kc5 54. h5 1-0

[Event "12th 4NCL Congress"]
[Site "Harrogate"]
[Date "2017.01.08"]
[Round "4"]
[Board "3"]
[White "Press, Harry"]
[Black "Cowan, Richard M"]
[Result "1-0"]
[WhiteElo "1826"]
[BlackElo "1890"]
[PlyCount "57"]
[EventDate "2017.01.06"]
[EventRounds "5"]
[EventCountry "ENG"]

1. d4 Nf6 2. c4 g6 3. Nc3 d5 4. cxd5 Nxd5 5. Bd2 Bg7 6. e4 Nb6 7. Be3 O-O 8. a4
a5 9. d5 c6 10. Qb3 N8d7 11. Nf3 cxd5 12. exd5 Bxc3+ 13. bxc3 Qc7 14. Rb1 Nxd5
15. Qxd5 Qxc3+ 16. Bd2 Qc2 17. Bd3 Qxa4 18. O-O Nf6 19. Qc5 Qd7 20. Bb5 Qe6 21.
Rfe1 b6 22. Rxe6 bxc5 23. Rxe7 Bf5 24. Ra1 Nd5 25. Re5 Be6 26. h3 a4 27. Bc6
Rad8 28. Bh6 Rd6 29. Bxd5 1-0

[Event "12th 4NCL Congress"]
[Site "Harrogate"]
[Date "2017.01.08"]
[Round "4"]
[Board "4"]
[White "Altham, John T"]
[Black "David, Ivan"]
[Result "1/2-1/2"]
[WhiteElo "1688"]
[BlackElo "1869"]
[PlyCount "86"]
[EventDate "2017.01.06"]
[EventRounds "5"]
[EventCountry "ENG"]

1. e4 d6 2. d4 Nf6 3. Nc3 e5 4. dxe5 dxe5 5. Qxd8+ Kxd8 6. a3 Be6 7. Bg5 Nbd7
8. O-O-O Kc8 9. f3 c6 10. Nge2 Ne8 11. h3 f6 12. Be3 b5 13. Nb1 h5 14. Rg1 Nd6
15. Nd2 Kc7 16. g4 hxg4 17. hxg4 g5 18. Ng3 Be7 19. Rg2 Nb7 20. Nf5 Bc5 21.
Bxc5 Ndxc5 22. c4 a6 23. Be2 Rad8 24. Kc2 Bf7 25. b4 Ne6 26. c5 Nf4 27. Rf2 Rh3
28. Rdf1 a5 29. Rb1 axb4 30. axb4 Ra8 31. Bf1 Rh1 32. Ng3 Rg1 33. Ne2 Ra2+ 34.
Kc3 Nxe2+ 35. Bxe2 Rxb1 36. Nxb1 Nd8 37. Rh2 Kd7 38. Nd2 Ne6 39. Rh7 Ke7 40.
Bd1 Nd4 41. Nb3 Ra3 42. Kd2 Rxb3 43. Bxb3 Nxb3+ 1/2-1/2

[Event "12th 4NCL Congress"]
[Site "Harrogate"]
[Date "2017.01.08"]
[Round "4"]
[Board "5"]
[White "Livesey, R  Nigel"]
[Black "Jones, Neil T"]
[Result "1/2-1/2"]
[WhiteElo "1829"]
[BlackElo "1788"]
[PlyCount "55"]
[EventDate "2017.01.06"]
[EventRounds "5"]
[EventCountry "ENG"]

1. c4 e5 2. g3 Nf6 3. Bg2 Nc6 4. Nc3 Bc5 5. a3 a6 6. e3 d6 7. Nge2 Ba7 8. O-O
Be6 9. Nd5 O-O 10. b4 Bxd5 11. cxd5 Ne7 12. Nc3 c6 13. dxc6 bxc6 14. Qa4 d5 15.
Bb2 Qd6 16. Rac1 Nd7 17. d3 f5 18. e4 fxe4 19. dxe4 Nb6 20. Qb3 Nc4 21. Rc2
Nxb2 22. Rxb2 Rad8 23. exd5 cxd5 24. Rd2 Bd4 25. Ne2 Ba7 26. Nc3 Bd4 27. Ne4
Qb6 28. Ng5 1/2-1/2

[Event "12th 4NCL Congress"]
[Site "Harrogate"]
[Date "2017.01.08"]
[Round "4"]
[Board "7"]
[White "Ter-Gevorkian, Aram"]
[Black "Burns, Martin J"]
[Result "1-0"]
[WhiteElo "1927"]
[BlackElo "1847"]
[PlyCount "73"]
[EventDate "2017.01.06"]
[EventRounds "5"]
[EventCountry "ENG"]

1. e4 e6 2. d4 d5 3. Nc3 Bb4 4. e5 c5 5. a3 Bxc3+ 6. bxc3 Qc7 7. Qg4 f5 8. Qh5+
g6 9. Qd1 cxd4 10. cxd4 Qc3+ 11. Bd2 Qxd4 12. Nf3 Qe4+ 13. Be2 Nc6 14. O-O Nge7
15. Re1 O-O 16. Bb5 Qg4 17. h3 Qh5 18. Bf4 d4 19. Be2 Nd5 20. Bd2 Nc3 21. Bxc3
dxc3 22. Qd3 Qh6 23. Rab1 g5 24. Qe3 f4 25. Qxc3 Qg7 26. Red1 h5 27. Bb5 Nd8
28. h4 a6 29. Bd3 gxh4 30. Nxh4 Qg4 31. Qc7 Nf7 32. Nf3 h4 33. Kh2 Kh8 34. Rg1
h3 35. Qe7 Bd7 36. gxh3 Qh5 37. Qf6# 1-0

[Event "12th 4NCL Congress"]
[Site "Harrogate"]
[Date "2017.01.08"]
[Round "4"]
[Board "8"]
[White "Nezis, Anastasios"]
[Black "Goodfellow, Russell R"]
[Result "1-0"]
[WhiteElo "1904"]
[BlackElo "1905"]
[PlyCount "55"]
[EventDate "2017.01.06"]
[EventRounds "5"]
[EventCountry "ENG"]

1. e4 c5 2. Nf3 e6 3. d4 cxd4 4. Nxd4 Nf6 5. Nc3 d6 6. Be3 a6 7. f3 b5 8. Qd2
Bb7 9. g4 Qc7 10. O-O-O b4 11. Na4 d5 12. e5 Nfd7 13. f4 Qa5 14. b3 Nc5 15.
Nxc5 Bxc5 16. Kb1 Qb6 17. f5 Kd7 18. fxe6+ fxe6 19. Bh3 Re8 20. g5 Bxd4 21.
Bxd4 Qb5 22. Qf2 Nc6 23. Bf1 Qa5 24. Bb6 Qa3 25. Rxd5+ exd5 26. Qf7+ Ne7 27.
Bh3+ Kc6 28. Qe6+ 1-0

[Event "12th 4NCL Congress"]
[Site "Harrogate"]
[Date "2017.01.08"]
[Round "4"]
[Board "9"]
[White "Dennison, Warren B"]
[Black "Procter, Colin S"]
[Result "1/2-1/2"]
[WhiteElo "1937"]
[BlackElo "1731"]
[PlyCount "61"]
[EventDate "2017.01.06"]
[EventRounds "5"]
[EventCountry "ENG"]

1. e4 e6 2. d4 d5 3. Nd2 a6 4. Bd3 c5 5. exd5 exd5 6. Ne2 Nf6 7. O-O Be7 8. c3
O-O 9. h3 Nc6 10. Nf3 Re8 11. Bg5 h6 12. Bh4 Ne4 13. Bxe7 Qxe7 14. Nf4 cxd4 15.
Nxd5 Qd6 16. Nb6 Rb8 17. Nxc8 Rbxc8 18. Re1 Nf6 19. Rxe8+ Rxe8 20. Nxd4 Nxd4
21. cxd4 Rd8 22. Qf3 Qxd4 23. Rd1 Qb6 24. b3 Rd6 25. Qf5 Qd8 26. Qf3 b5 27. Qe3
b4 28. Kf1 a5 29. Qf3 g6 30. Ke1 Kg7 31. Kf1 1/2-1/2